000 00568nam a2200205Ia 4500
001 15043
003 GE_BSU
008 181216s||||||||xx |||||||||||||| ||und||
040 _cGE_BSU
080 _a51(035)
100 _aВыгодский,М.Я.
245 _aСправочник по высшей математике
245 _cРед.М.Я.Ворновицкий
260 _aМосква
260 _bНаука
260 _c1966
300 _a869стр.17см.
653 _aСправочник по высшей математике
942 _cBK
999 _c48161
_d48161